ActionScript 2.0 : lập trình hướng đối tượng /

Saved in:
Bibliographic Details
Main Author: Nguyễn Trường Sinh
Format: Book
Language:Vietnamese
Published: Lao động xã hội 2006
Tags: Add Tag
No Tags, Be the first to tag this record!
Institutions: Mạng thư viện Đại học Đà Nẵng
LEADER 00679nam a2200265 4500
001 000026961
003 A2.0
005 20150406120000.0
008 150406s vm 000 vie
020 |c 0,0000 
040 |a notts 
100 |a Nguyễn Trường Sinh 
245 |a ActionScript 2.0 : lập trình hướng đối tượng /  |c Nguyễn Trường Sinh (chủ biên). 
260 |b Lao động xã hội  |c 2006 
OWN |a LTT 
999 |a From the UDN01 
TYP |a Monograph 
TYP |a Printed language 
980 |a Mạng thư viện Đại học Đà Nẵng